000 01082nmm a2200325 a 4500
001 ocm0002146754
003 TR-IsHL
005 20201028183715.0
008 190412s2019 tu tur
007 cr cn
020 _a9786052813089
035 _a2146754
_b(N$T)
050 0 4 _aQA 76.73 .C153
_bS44 2019
090 0 4 _aQA 76.73 .C153
_bS44 2019
100 1 _aSebetci, Özel
245 1 0 _aNesne temelli programlamaya giriş ve algoritmalar
_h[electronic resource] /
_cÖzel Sebetci
250 _a1. Baskı
260 _aİstanbul :
_b,
_c2019
300 _a192 p.
650 4 _aBilgisayar
650 4 _aComputer Sciences
650 0 _aAlgoritmalar
650 0 _aAlgorithms
650 0 _aC (Bilgisayar program dili)
650 0 _aC++ (Computer program language)
650 0 _aNesneye dayalı programlama (Bilgisayar bilimi)
650 0 _aObject-oriented programming (Computer science)
650 7 _aCOMPUTERS / Programming / Algorithms
_2bisacsh
856 4 0 _uhttp://search.ebscohost.com/login.aspx?direct=true&scope=site&db=e011xww&AN=2146754
999 _c20664
_d20664